000 01002nam a22002537a 4500
005 20170124103041.0
010 _aA-923439
020 _c125.00
_a8173152225
035 _aA-923439
037 _bCen Lib/Ret
040 _aDPL
_bHN
082 _a
_bमिश्ररा
100 _aमिश्र, रामदरश
_967236
245 _aएक कहानी लगातार /
_cरामदरश मिश्र
246 _aEk kahani lagataar /
_bby Ram Darash Mishra
260 _aनई दिल्ली
_bप्रभात प्रकाशन
_c1997
270 _a4/11 आसफ अली रोड
_bनई दिल्ली
_e110002
300 _a142पृ.
_c21सेमी(सजिल्द )
650 _aहिंदी साहित्य
_x
_z
_967237
650 _aहिंदी कहानियां
_92082
650 _aHindi literature
_v
_967238
650 _aHindi stories
_967239
942 _2ddc
_cHN
_h
_mमिश्ररा
999 _c116580
_d116580